[Event "82nd Tata Steel Masters 2020"]
[Site "Wijk aan Zee"]
[Date "2020.01.11"]
[Round "1.1"]
[White "Carlsen, Magnus"]
[Black "Giri, Anish"]
[Result "1/2-1/2"]
[WhiteElo "2872"]
[BlackElo "2768"]
[Annotator "TA"]
[PlyCount "49"]
[EventDate "2020.01.11"]
[EventType "tourn"]
[EventCountry "NED"]
[SourceTitle "playchess.com"]
[Source "ChessBase"]
[SourceQuality "1"]

{[%evp 9,49,0,0,0,-2,-6,-3,-13,16,10,19,0,-12,-43,-43,-38,0,0,0,-1,0,0,-1,0,0,0,0,0,0,0,0,0,0,-8,0,0,0,0,0,-3,0,0]} 1. c4 Nf6 2. Nc3 e5 3. e3 Nc6 4. Qb3 (4. a3 g6 5. d4 exd4 6. exd4 Bg7 7. Nf3 O-O 8. d5 Re8+ 9. Be2 Ne5 10. Nxe5 Rxe5 11. Bf4 Re8 12. Qd2 {½-½ (30) Laznicka,V (2670)-Vitiugov,N (2726) Prague 2019}) 4... g6 5. Nf3 $146 ({Predecessor:} 5. d3 Bg7 6. g3 b6 7. Bg2 Bb7 8. Nf3 O-O 9. O-O Qe7 10. e4 d6 11. Bg5 Qd7 {1-0 (44) Stripunsky,A (2561)-Shetty,A (2368) Arlington 2015}) 5... Bg7 6. d4 {A25: English Opening vs King's Indian with ...Nc6 but without early d3} exd4 7. exd4 O-O 8. Be2 d6 9. O-O Re8 10. h3 Ne4 {And now ...Nxc3 would win.} 11. Nxe4 Rxe4 {[%mdl 64] [#] Double Attack} 12. Be3 Nxd4 13. Nxd4 {The position is equal.} Bxd4 14. Bf3 Rh4 15. Bxd4 Rxd4 16. Bxb7 Bxb7 17. Qxb7 Rxc4 18. Rac1 Rxc1 19. Rxc1 $11 {[%mdl 4096] Endgame KQR-KQR} c5 {...Rb8 is the strong threat.} 20. Rd1 $1 Rb8 21. Qxa7 Rxb2 {[#] Hoping for ...Qf6.} 22. Qxc5 $1 {[%mdl 512]} dxc5 23. Rxd8+ Kg7 24. Rc8 Rxa2 25. Rxc5 1/2-1/2

[Event "82nd Tata Steel Masters 2020"]
[Site "Wijk aan Zee"]
[Date "2020.01.11"]
[Round "1.2"]
[White "Xiong, Jeffery"]
[Black "Dubov, Daniil"]
[Result "1/2-1/2"]
[WhiteElo "2712"]
[BlackElo "2683"]
[Annotator "TA"]
[PlyCount "103"]
[EventDate "2020.01.11"]
[EventType "tourn"]
[EventCountry "NED"]
[SourceTitle "playchess.com"]
[Source "ChessBase"]
[SourceQuality "1"]

{[%evp 13,103,31,32,27,13,24,19,0,0,0,0,0,5,0,0,0,0,0,33,38,44,34,85,74,81,75,85,76,85,79,80,72,82,72,78,84,96,100,97,96,102,100,93,77,80,73,108,104,103,92,92,91,106,71,71,0,96,98,106,102,100,78,92,64,62,60,68,62,64,69,71,59,58,4,7,0,0,0,0,0,0,0,0,0,0,0,0,0,0,0,0,0]} 1. e4 c5 2. Nf3 Nc6 3. Bb5 g6 4. Bxc6 bxc6 5. O-O Bg7 6. Re1 Nh6 7. c3 O-O 8. d3 {B31: Sicilian: 2...Nc6 3 Bb5 g6} (8. h3 f5 9. e5 Nf7 10. d4 cxd4 11. cxd4 c5 12. dxc5 Bb7 13. Na3 Qc7 14. Be3 Bxf3 15. Qxf3 Nxe5 {1-0 (40) Giri,A (2776)-Le,Q (2713) Bucharest 2019}) 8... d6 9. h3 Rb8 10. d4 $146 ({Predecessor:} 10. Na3 f6 11. Qa4 Qc7 12. d4 cxd4 13. Nxd4 Bd7 14. Qc4+ Nf7 15. Ne6 Bxe6 16. Qxe6 {½-½ (85) Gal,H (2189)-Terbe,Z (2180) Budapest 2018}) 10... cxd4 11. cxd4 f5 12. e5 Nf7 13. Qc2 Qa5 {[%cal Rd6e5]} 14. Bd2 Qb6 15. Bc3 f4 16. Nbd2 Bf5 17. Qa4 Bd3 (17... a6 $14) 18. exd6 exd6 19. Re7 Rb7 20. Rae1 Qa6 21. Qxa6 Bxa6 22. Rxb7 Bxb7 23. Re7 Rb8 24. Rc7 a6 25. Nb3 c5 26. dxc5 {[#] Strongly threatening c6.} Bxf3 27. gxf3 dxc5 28. Nxc5 Bxc3 29. bxc3 $16 {[%mdl 4096] Endgame KRN-KRN} Rb1+ 30. Kg2 Nd6 31. Ne6 {And now Rg7+ would win.} ({Don't play} 31. Nxa6 $6 Nf5 $11) 31... Nf5 32. Nxf4 Nh4+ 33. Kg3 Nf5+ 34. Kg2 Nh4+ $1 {[#]} 35. Kh2 $1 Nxf3+ 36. Kg3 Ng5 37. Kg2 Rb2 38. Nd5 Ne4 39. Kf3 Nxf2 40. Nf6+ Kf8 41. Nxh7+ Ke8 42. Ng5 Rxa2 43. c4 (43. Rc6 $14) 43... a5 $11 {[%cal Ba6a5,Ba5a4,Ba4a3][%mdl 32] The position is equal.} 44. h4 a4 45. Nf7 a3 46. Nd6+ Kd8 47. Ra7 Nd3 48. Ke4 Nb4 49. Nf7+ Ke8 {aiming for ...Rd2.} 50. Nd6+ Kd8 51. Nf7+ Ke8 {Threatens to win with ...Rd2.} 52. Nd6+ {Accuracy: White = 71%, Black = 79%.} 1/2-1/2

[Event "82nd Tata Steel Masters 2020"]
[Site "Wijk aan Zee"]
[Date "2020.01.11"]
[Round "1.3"]
[White "Van Foreest, Jorden"]
[Black "Yu, Yangyi"]
[Result "1-0"]
[WhiteElo "2644"]
[BlackElo "2726"]
[Annotator "TA"]
[PlyCount "149"]
[EventDate "2020.01.11"]
[EventType "tourn"]
[EventCountry "NED"]
[SourceTitle "playchess.com"]
[Source "ChessBase"]
[SourceQuality "1"]

{[%evp 12,149,22,13,14,0,0,11,37,0,0,6,26,14,40,38,24,22,20,18,15,9,19,18,20,23,16,10,25,20,30,30,35,37,40,20,19,21,75,50,56,40,48,48,99,100,100,100,96,95,110,110,108,106,107,99,108,85,102,98,87,90,127,97,122,115,113,9,9,19,99,49,49,50,50,75,160,0,237,241,1568,1524,1456,1538,928,1819,1826,1826,1826,1826,1818,1675,29969,29968,29966,29972,29969,29972,29972,29973,29973,29975,29970,4427,29937,2216,29965,29969,29966,29969,29966,29969,6604,2743,29975,29975,29982,29983,29983,29984,29984,29983,29983,29984,29987,29988,29988,29986,29986,29987,29987,29988,29988,29989,29989,29989,29989,29986,29988,29989]} 1. e4 c5 2. Nf3 e6 3. c3 d5 4. exd5 Qxd5 5. d4 Nf6 6. Na3 Nc6 7. Be3 cxd4 {B22: Sicilian: 2 c3} 8. Nb5 $1 {[%cal Rb5c7] And now Nc7+ would win.} Qd7 (8... Qd8 9. Nbxd4 Nd5 10. Bg5 f6 11. Nxc6 bxc6 12. Bd2 e5 13. Qc2 g6 14. Bd3 Bg7 15. O-O-O {1-0 (49) Giri,A (2769)-Alekseev,E (2620) Moscow 2019}) 9. Nbxd4 Bd6 {The position is equal.} 10. Nxc6 $146 ({Predecessor:} 10. Nb5 Bb8 11. Bc5 Qxd1+ 12. Rxd1 e5 13. Nd2 a6 14. Nd6+ Bxd6 15. Bxd6 {1-0 (62) Visigalli,C (2012)-Rabczewski,A (2024) ICCF email 2015}) 10... bxc6 11. Bd4 Bb7 12. Ne5 Qe7 13. Nc4 {Threatens to win with Bxf6.} Bc7 14. Qb3 Ba6 15. Qa3 (15. O-O-O {seems wilder.} O-O 16. Qa3 Qxa3 17. Nxa3 Bb7 18. Bxf6 gxf6 19. g3) 15... Qxa3 16. Nxa3 Bxf1 17. Kxf1 Bb6 18. Bxf6 gxf6 19. Ke2 Rg8 20. g3 O-O-O 21. Nc4 Kc7 22. Rad1 Rd5 23. Rd3 h5 24. Rhd1 Rgd8 (24... Bc5 $11) 25. Ne3 Bxe3 26. Kxe3 $14 {[%mdl 4096] Endgame KRR-KRR} Re5+ 27. Kf3 Red5 (27... Rf5+ $14 28. Ke2 Re5+ 29. Kd2 Rxd3+ 30. Kxd3 Ra5) 28. Rxd5 $16 cxd5 {KR-KR} 29. Rd4 $1 Rb8 30. b3 $1 Kd6 31. Ke3 f5 32. Ra4 Ra8 33. Rh4 Rh8 34. h3 Ke5 35. Kd3 Kf6 36. Ra4 Ra8 37. b4 Ke5 38. Ra6 f4 39. g4 (39. a4 $16) 39... hxg4 $11 40. hxg4 f5 (40... f6 $11 {remains equal.}) 41. gxf5 Kxf5 42. a4 e5 $1 43. b5 {[%cal Bb4b5,Bb5b6,Bb6b7][%mdl 32]} e4+ 44. Kd4 $2 (44. Kd2 $1 $16) 44... Kg4 $2 {[#]} (44... Re8 $11 {and Black has nothing to worry.} 45. Rxa7 Kg6) 45. b6 $1 $18 ({Weaker is} 45. Kxd5 e3 $11) 45... Kf3 $2 (45... Rb8) 46. Rxa7 Rb8 47. a5 Kxf2 48. Re7 f3 {[#]} 49. b7 $1 e3 50. a6 e2 51. Re6 e1=Q 52. Rxe1 Kxe1 53. a7 Rxb7 54. a8=Q {KQ-KR} Re7 {[#]} 55. Qf8 $1 {[%mdl 64] Double Attack} Re4+ 56. Kxd5 Re3 57. Qc5 (57. Kd4 $142 Ke2 58. Qf7 Rd3+ 59. Ke4 Re3+ 60. Kf4 Rxc3 61. Qa2+ Kd3 62. Kxf3) 57... Kd2 58. Kd4 {White threatens Qg5! and mate.} Rd3+ 59. Ke4 Rxc3 60. Qf2+ Kc1 61. Kd4 Ra3 62. Kd5 Rd3+ 63. Kc4 {White mates.} Ra3 64. Qc5 Kb2 65. Qb4+ Ka2 66. Qd2+ Kb1 67. Kb4 Ra2 68. Qd1+ Kb2 69. Qxf3 Kc1 70. Qf1+ Kc2 71. Qe1 Rb2+ 72. Kc4 Ra2 73. Qe2+ Kb1 74. Qd1+ Kb2 75. Kb4 {Accuracy: White = 61%, Black = 50%.} 1-0

[Event "82nd Tata Steel Masters 2020"]
[Site "Wijk aan Zee"]
[Date "2020.01.11"]
[Round "1.4"]
[White "Caruana, Fabiano"]
[Black "So, Wesley"]
[Result "1/2-1/2"]
[WhiteElo "2822"]
[BlackElo "2765"]
[Annotator "TA"]
[PlyCount "66"]
[EventDate "2020.01.11"]
[EventType "tourn"]
[EventCountry "NED"]
[SourceTitle "playchess.com"]
[Source "ChessBase"]
[SourceQuality "1"]

{[%evp 12,66,0,-4,-11,-24,0,0,0,0,0,-4,0,0,0,-7,0,0,0,0,0,0,0,-22,-16,-26,-13,-17,-9,-16,-30,-18,0,-4,0,-7,-8,-6,-4,-11,-2,-2,-6,-2,-2,-18,0,0,0,0,0,0,0,0,0,0,0]} 1. d4 Nf6 2. c4 g6 3. Nc3 d5 4. Nf3 Bg7 5. e3 O-O 6. Bd2 e6 7. Rc1 Nbd7 {D94: Grünfeld: 4 Nf3 Bg7 5 e3} (7... b6 8. cxd5 exd5 9. b4 c6 10. Be2 Bb7 11. O-O Nbd7 12. Qb3 Qe7 13. Rfd1 Rfd8 14. a4 Rab8 15. Be1 Ba8 {½-½ (39) Bu,X (2718)-Li,C (2725) Ningbo 2018}) 8. Bd3 dxc4 9. Bxc4 c5 10. O-O b6 11. Qe2 Bb7 12. Rfd1 a6 $146 ({Predecessor:} 12... Qe7 13. Ba6 Bxa6 14. Qxa6 e5 15. dxe5 Nxe5 16. Nxe5 Qxe5 {½-½ (62) Taimanov,M-Uhlmann,W Leningrad 1973}) 13. a4 Qe7 14. Be1 Rfd8 15. b3 cxd4 16. exd4 Qd6 17. Ng5 h6 18. Nge4 Nxe4 19. Nxe4 Qe7 20. f3 Nf6 21. Bh4 Rd7 {The position is equal.} (21... g5 {keeps more tension.} 22. Nxf6+ Bxf6 23. Bf2 Qf8 24. Qd2 Rac8) 22. d5 exd5 23. Nxf6+ Bxf6 24. Qxe7 Bxe7 25. Bxe7 Rxe7 26. Bxd5 Bxd5 27. Rxd5 $11 {[%mdl 4096] Endgame KRR-KRR} Re3 28. h4 h5 29. b4 Ra3 30. a5 Ra4 31. Rc4 Rb8 32. axb6 Rxb6 33. Rdd4 Kg7 {Accuracy: White = 80%, Black = 67%.} 1/2-1/2

[Event "82nd Tata Steel Masters 2020"]
[Site "Wijk aan Zee"]
[Date "2020.01.11"]
[Round "1.5"]
[White "Anand, Viswanathan"]
[Black "Artemiev, Vladislav"]
[Result "1/2-1/2"]
[WhiteElo "2758"]
[BlackElo "2731"]
[Annotator "TA"]
[PlyCount "61"]
[EventDate "2020.01.11"]
[EventType "tourn"]
[EventCountry "NED"]
[SourceTitle "playchess.com"]
[Source "ChessBase"]
[SourceQuality "1"]

{[%evp 15,61,35,31,20,33,31,40,35,32,30,26,16,13,24,21,16,18,20,31,8,8,6,6,15,9,0,2,0,0,0,0,0,0,0,0,0,0,0,0,0,0,-42,-42,-42,-35,-35,-35,-41]} 1. e4 c6 2. d4 d5 3. e5 Bf5 4. Nf3 e6 5. Be2 c5 6. Be3 cxd4 7. Nxd4 Ne7 8. O-O Nbc6 9. Bb5 {B12: Caro-Kann: Advance Variation} a6 10. Bxc6+ $1 ({Of course not} 10. Nxf5 Nxf5 11. Bxc6+ bxc6 $15) 10... bxc6 (10... Nxc6 11. Nxf5 exf5 12. c3 Be7 13. Nd2 Qd7 14. Nf3 Qe6 15. Qb3 O-O 16. Bb6 Bd8 {½-½ (40) Navara,D (2739)-Radjabov,T (2756) Shamkir 2019}) 11. c4 {White is slightly better.} Qd7 12. Na3 Bg6 13. Qa4 Nf5 $1 14. Nxf5 ({Not} 14. Nxc6 Bxa3 15. cxd5 (15. bxa3 $2 d4 $19) 15... Nxe3 $19) 14... Bxf5 15. Rfd1 f6 16. Rac1 Be7 17. Bf4 $146 ({Predecessor:} 17. cxd5 cxd5 18. Qxd7+ Kxd7 {1-0 (46) Mannion,S (2313)-Leutwyler,M (2168) Douglas 2016}) 17... Rd8 18. cxd5 cxd5 19. Qxa6 {[#] Strongly threatening exf6.} O-O $1 20. Qe2 Qa4 21. Bg3 Bxa3 22. bxa3 Qxa3 23. h3 Ra8 24. exf6 gxf6 25. Rc6 Qxa2 26. Rxe6 Bxe6 27. Qxe6+ {[%mdl 64] [#] Double Attack} Kh8 28. Qxd5 Qxd5 {Black is slightly better.} 29. Rxd5 Kg7 30. Bf4 Rfd8 31. Rb5 {Accuracy: White = 62%, Black = 86%.} 1/2-1/2

[Event "82nd Tata Steel Masters 2020"]
[Site "Wijk aan Zee"]
[Date "2020.01.11"]
[Round "1.6"]
[White "Vitiugov, Nikita"]
[Black "Duda, Jan-Krzysztof"]
[Result "1/2-1/2"]
[WhiteElo "2747"]
[BlackElo "2758"]
[Annotator "TA"]
[PlyCount "115"]
[EventDate "2020.01.11"]
[EventType "tourn"]
[EventCountry "NED"]
[SourceTitle "playchess.com"]
[Source "ChessBase"]
[SourceQuality "1"]

{[%evp 19,115,0,16,14,23,0,3,2,23,37,34,30,39,41,30,2,63,42,48,40,86,68,58,62,68,75,66,44,52,65,59,50,54,56,182,57,118,117,160,159,142,79,79,85,223,163,160,141,146,152,152,20,28,19,142,142,137,137,306,142,129,117,114,113,110,110,201,82,108,83,83,10,10,6,10,10,10,10,15,10,27,19,28,8,8,0,3,0,8,8,8,8,8,0,5,0,18,0]} 1. e4 c5 2. Nf3 d6 3. d4 cxd4 4. Nxd4 Nf6 5. Nc3 Nc6 6. Be2 e5 7. Nb3 Be7 8. O-O O-O 9. Kh1 a5 10. Be3 Be6 (10... a4 $5 {[%cal Ra4b3]} 11. Nd2 a3 $11) 11. Nd2 {B59: Classical Sicilian: 6 Be2 e5 7 Nb3} (11. f4 a4 12. f5 Bd7 13. Nd2 Nd4 14. Bd3 Bc6 15. b4 axb3 16. axb3 Rxa1 17. Qxa1 Nd7 18. Bxd4 exd4 {½-½ (36) Flermoen,P (2316)-Mihajlov,S (2373) Norway 2018}) 11... d5 12. exd5 Nxd5 13. Nxd5 Qxd5 $146 ({Predecessor:} 13... Bxd5 14. Nc4 Bxc4 15. Bxc4 Qc7 16. Qe2 Rad8 17. Rfd1 Nd4 18. Bxd4 exd4 {½-½ (31) Szukalski,A (1914)-Ponceleusz,B (1945) Warsaw 2009}) 14. c3 a4 15. Nc4 Qe4 16. f3 Qg6 17. Nb6 Ra5 (17... Rfd8 $11 18. Nxa8 Rxd1 19. Rfxd1 a3 20. bxa3 Bxa3) 18. Bd3 $14 f5 19. Qc2 Qf7 20. Nxa4 Bxa2 {And now ...Bb3 would win.} 21. b4 $36 {[%mdl 2048] White is more active.} Bb3 22. Qe2 $1 Raa8 ({Not} 22... Rxa4 $2 23. Rxa4 Kh8 24. Raa1 $18) 23. Nc5 Rxa1 24. Rxa1 Bxc5 25. Bxc5 Re8 $1 26. h3 Qe6 (26... h6 $14) 27. Re1 (27. Ra3 $18 {Hoping for Rxb3!} Kh8 28. c4) 27... Kh8 (27... Qf7 $14) 28. Rb1 $1 $16 Ra8 29. b5 Nb8 30. Rxb3 (30. Bg1 $142) 30... Qxb3 31. Qxe5 Qf7 (31... Nd7 $16 {was worth a try.} 32. Qxf5 {[%mdl 64] Double Attack} Nf6) 32. Qxf5 Qxf5 33. Bxf5 $18 {[%mdl 4096] Endgame KRN-KB} Ra5 {[#]} 34. c4 $1 {Black must now prevent Bd6.} Nc6 35. Bd6 (35. Be6 $16) 35... Nd4 $11 36. Be4 Ra4 (36... b6 $1 $11 {keeps the balance.}) 37. Bxb7 Rxc4 38. b6 Rc1+ 39. Kh2 Rb1 40. Bc5 Ne6 41. Be3 Nd8 42. Be4 Rb3 {[#]} (42... Rb5 $16 {was necessary.} 43. Bd4 Kg8) 43. Bf2 (43. Bc5 $1 $18 {is more deadly.}) 43... Rb2 44. Bg3 Kg8 45. Bd5+ (45. Be5 $16 Rb5 46. Bc7) 45... Kf8 46. Bd6+ Ke8 47. Be5 Rxb6 {aiming for ...Rb5.} 48. Bxg7 Ne6 49. Be5 Kf7 50. f4 {Threatens to win with f5.} Rb5 51. Bf3 (51. Bc6 {seems wilder.} Rb6 52. Bf3 Ke7 53. Kg3 Nc5 54. Bd4) 51... Nf8 {The position is equal.} 52. Bd4 Ne6 53. Be5 Nf8 54. Kg3 Ng6 55. Bc3 Ne7 56. Be5 Ng6 57. Bc3 Ne7 58. Be5 {Accuracy: White = 51%, Black = 48%.} 1/2-1/2

[Event "82nd Tata Steel Masters 2020"]
[Site "Wijk aan Zee"]
[Date "2020.01.11"]
[Round "1.7"]
[White "Firouzja, Alireza"]
[Black "Kovalev, Vladislav"]
[Result "1-0"]
[WhiteElo "2723"]
[BlackElo "2660"]
[Annotator "TA"]
[PlyCount "71"]
[EventDate "2020.01.11"]
[EventType "tourn"]
[EventCountry "NED"]
[SourceTitle "playchess.com"]
[Source "ChessBase"]
[SourceQuality "1"]

{[%evp 30,71,5,10,57,73,97,87,104,125,136,144,146,168,158,138,166,171,206,214,237,226,245,229,246,240,259,251,268,259,257,225,653,647,619,548,1061,1098,1051,995,2222,2125,1901,1767]} 1. e4 e5 2. Nf3 Nc6 3. Bb5 a6 4. Ba4 Nf6 5. O-O Be7 6. Re1 b5 7. Bb3 d6 8. c3 O-O 9. h3 Bb7 10. d4 Re8 11. Nbd2 Bf8 12. a4 h6 13. Bc2 exd4 14. cxd4 Nb4 15. Bb1 c5 16. d5 c4 {C92: Closed Ruy Lopez: 9...Be6, Karpov and Flohr-Zaitsev Variations} (16... Nd7 17. Ra3 c4 18. axb5 axb5 19. Nd4 Rxa3 20. bxa3 Nd3 21. Bxd3 cxd3 22. Bb2 Nc5 23. Re3 Qa5 24. Kh2 b4 25. N4b3 Qa4 26. axb4 Qxb4 27. Nxc5 dxc5 {0-1 (41) Huschenbeth,N (2624)-Bu,X (2721) Douglas 2019}) 17. Nd4 Nd7 $146 ({Predecessor:} 17... Qb6 18. N2f3 Nd7 19. a5 Qc7 20. Qd2 Qc5 21. Qc3 Ne5 22. Nxe5 dxe5 23. Nf5 Kh7 24. Be3 {1-0 (43) Kotenko,P (2394)-Garifullina,L (2132) Taganrog 2019}) 18. axb5 {Nc6 is the strong threat.} axb5 {White is better.} 19. Rxa8 Bxa8 20. Nxb5 Qb8 21. Na3 Nd3 {[#]} 22. Re3 $1 Nxc1 23. Qxc1 g6 24. Naxc4 Bg7 25. Ra3 Qc7 26. b4 Bb7 27. Bd3 Rb8 28. Qd1 Bc8 29. Qa4 Ne5 30. Nxe5 Qc1+ $2 (30... dxe5 31. Nc4 Bf8) 31. Bf1 $18 {White is clearly winning.} Bxe5 32. Nc4 Bd4 33. Qe8+ Kg7 34. Rf3 {[%csl Ge8][%cal Rf3f7]} f6 35. Qe7+ {[%mdl 64] [#] Double Attack} Kg8 36. Qd8+ {Accuracy: White = 97%, Black = 15%.} 1-0

[Event "82nd Tata Steel Masters 2020"]
[Site "Wijk aan Zee"]
[Date "2020.01.12"]
[Round "2.1"]
[White "Yu, Yangyi"]
[Black "Carlsen, Magnus"]
[Result "1/2-1/2"]
[WhiteElo "2726"]
[BlackElo "2872"]
[Annotator "TA"]
[PlyCount "61"]
[EventDate "2020.01.11"]
[EventType "tourn"]
[EventCountry "NED"]
[SourceTitle "playchess.com"]
[Source "ChessBase"]
[SourceQuality "1"]

{[%evp 23,61,22,30,30,31,27,2,0,29,29,23,27,19,25,30,7,10,10,13,5,7,7,7,8,7,0,9,0,27,4,8,0,6,0,16,0,7,0,17,0]} 1. e4 c5 2. Nf3 d6 3. d4 cxd4 4. Nxd4 Nf6 5. Nc3 a6 6. Be3 e5 7. Nf3 Be7 8. Bc4 O-O 9. O-O Nc6 10. Bb3 Na5 11. Bg5 Nxb3 12. axb3 Be6 13. Bxf6 {B56: Classical Sicilian: Unusual Lines} Bxf6 14. Nd5 Rc8 15. c4 (15. c3 Bg5 16. Nxg5 Qxg5 17. Ne3 Rfd8 18. Qd3 h5 19. b4 {½-½ (40) Palac,M (2581)-Kozul,Z (2630) Zagreb 2015}) 15... Bg5 16. Nxg5 Qxg5 17. Qd3 {[#]} Bxd5 $146 ({Predecessor:} 17... Kh8 18. Qe3 h6 19. Rfd1 Rc5 20. Qxg5 hxg5 {½-½ (51) Wacker,P (2299)-Neverov,V (2502) Bad Wiessee 2015}) 18. Qxd5 Rc6 19. Rfd1 Rfc8 20. Rd3 Qe7 21. g3 g6 22. Rad1 Qc7 23. Rc3 Kg7 24. Kg2 Re8 25. Qd3 Rb8 26. Rdc1 h5 {The position is equal.} 27. h4 Qe7 28. Rd1 Qc7 29. Rdc1 Qe7 30. Rd1 Qc7 31. Rdc1 {Accuracy: White = 32%, Black = 70%.} 1/2-1/2

[Event "82nd Tata Steel Masters 2020"]
[Site "Wijk aan Zee"]
[Date "2020.01.12"]
[Round "2.2"]
[White "Artemiev, Vladislav"]
[Black "Vitiugov, Nikita"]
[Result "1-0"]
[WhiteElo "2731"]
[BlackElo "2747"]
[Annotator "TA RC"]
[PlyCount "79"]
[EventDate "2020.01.11"]
[EventType "tourn"]
[EventCountry "NED"]
[SourceTitle "playchess.com"]
[Source "ChessBase"]
[SourceQuality "1"]

{[%evp 9,99,9,8,5,6,13,14,0,0,0,-3,0,0,3,12,7,14,11,23,33,26,29,26,21,37,27,37,45,44,35,22,26,69,74,80,81,120,55,65,83,60,68,79,106,179,93,97,82,93,84,99,91,114,114,193,184,183,141,252,260,279,261,264,259,387,384,409,338,419,275,431,425,430,414,426,408,456,442,403,406,391,376,360,366,364,362,483,464,474,480,478,470]} 1. Nf3 d5 2. e3 Nf6 3. c4 e6 4. Nc3 dxc4 5. Bxc4 a6 6. O-O {A17: English Opening: 1...Nf6 with ...Bb4.} b5 7. Be2 Bb7 {[#]} 8. a4 $146 {The position is equal.} ({Predecessor:} 8. b3 Nbd7 9. Bb2 c5 10. Rc1 Be7 11. a4 b4 12. Nb1 O-O 13. d3 a5 14. e4 {1-0 (51) Lysyj,I (2630)-Fakhrutdinov,T (2460) Yaroslavl 2018}) 8... b4 9. Nb1 {[%cal Bc3b1,Bb1d2,Bd2b3][%mdl 32]} c5 10. d3 Nc6 11. Nbd2 Be7 12. e4 a5 13. Nb3 c4 14. dxc4 Nxe4 15. Qxd8+ Rxd8 16. Be3 O-O 17. Bb6 Ra8 18. Rfd1 Rfc8 19. Kf1 Nf6 20. Rac1 Bd8 21. Bxd8 Nxd8 22. Ne5 Kf8 23. Rd6 (23. c5 $16) 23... Ra7 24. Rcd1 Nc6 25. f4 Ba8 26. Bf3 Nxe5 (26... Rac7 $16) 27. fxe5 ({Better is} 27. Rd8+ $1 $18 Rxd8 28. Rxd8+ Ke7 29. Rxa8 Rxa8 30. fxe5) 27... Bxf3 28. gxf3 Ne8 29. R6d4 Ke7 30. Ke2 g6 31. c5 $1 Ng7 {[#]} (31... h6 $16 {keeps fighting.}) 32. Rd6 $1 $18 Nf5 33. Rb6 f6 {[#]} (33... Ke8 $16 34. Rb5 Rca8) 34. f4 $1 g5 35. exf6+ Kxf6 36. fxg5+ Kxg5 (36... Kf7 $142 37. Rc1 Ke7) 37. Rxe6 Rf7 38. Re4 Rc6 39. Rg1+ Kh5 (39... Kf6 {might work better.} 40. Rc1 Re6 41. Rxe6+ Kxe6) 40. Kd3 {Played: Re4-e5} 1-0

[Event "82nd Tata Steel Masters 2020"]
[Site "Wijk aan Zee"]
[Date "2020.01.12"]
[Round "2.3"]
[White "Dubov, Daniil"]
[Black "Kovalev, Vladislav"]
[Result "1-0"]
[WhiteElo "2683"]
[BlackElo "2660"]
[Annotator "TA"]
[PlyCount "77"]
[EventDate "2020.01.11"]
[EventType "tourn"]
[EventCountry "NED"]
[SourceTitle "playchess.com"]
[Source "ChessBase"]
[SourceQuality "1"]

{[%evp 11,77,6,20,4,0,0,6,-2,15,-2,49,37,37,30,62,48,36,25,45,43,53,34,54,56,56,4,21,12,30,22,29,32,34,30,86,88,147,143,138,142,160,170,252,239,262,269,252,187,322,339,343,314,513,507,655,665,641,664,664,650,654,652,662,614,689,658,627,659]} 1. c4 Nf6 2. Nc3 e6 3. e4 c5 4. e5 Ng8 5. d4 cxd4 6. Qxd4 Nc6 7. Qf4 {A19: English Opening: Flohr-Mikenas System with 3...c5} (7. Qe4 f6 8. Nf3 fxe5 9. Nxe5 Nf6 10. Qe3 Qa5 11. Nxc6 bxc6 12. Bd3 Bd6 13. h3 Ba6 14. O-O Qe5 15. Qxe5 Bxe5 {½-½ (79) Anton Guijarro,D (2667)-Albornoz Cabrera,C (2566) Havana 2019}) 7... d6 8. Nf3 Nge7 9. exd6 {The position is equal.} Ng6 10. Qe4 $146 {aiming for c5.} ({Predecessor:} 10. Qg5 Bxd6 11. Qxd8+ Kxd8 12. Bg5+ f6 13. O-O-O Ke7 14. Nb5 Bc5 {½-½ (28) Hu,J (2120)-Booth,S (2142) Parramatta 2008}) 10... Qxd6 (10... Bxd6 $11 11. Be3 Bb4) 11. Bd2 $14 Be7 12. O-O-O f5 13. Qe1 O-O 14. h4 Bf6 15. Kb1 Qe7 16. Bg5 (16. h5 $5 {[%cal Rh5g6]} Nge5 17. Nxe5 Nxe5 18. h6 $11) 16... Bd7 17. c5 Rad8 18. h5 (18. Rd6 $14) 18... Nge5 $1 $11 19. Nxe5 Bxg5 20. Nxd7 Rxd7 21. Rxd7 Qxd7 22. Bc4 $36 {[%mdl 2048] Black is under pressure.} Kh8 (22... Re8 $11 {keeps the balance.}) 23. Qxe6 $16 Qxe6 (23... Qe7 $142) 24. Bxe6 Be7 {[#]} 25. Na4 $1 Rd8 26. Bxf5 Rd2 (26... Rd4 $142) 27. Bc8 $18 b5 28. cxb6 axb6 29. Re1 Rxf2 (29... b5 {keeps fighting.}) 30. Bb7 ({But not} 30. Nxb6 Kg8 $18) 30... Nd4 31. a3 Bf8 $2 (31... Re2 {was called for.} 32. Rxe2 Nxe2 33. Nxb6 Bc5) 32. Re8 {White is clearly winning.} g5 33. h6 Rf6 {[#]} 34. Nxb6 $1 {[%mdl 512]} Rxh6 (34... Rxb6 35. Rxf8#) 35. Nd7 Kg7 36. Nxf8 Rd6 37. Be4 h5 38. Nh7 g4 39. Re5 {Accuracy: White = 78%, Black = 39%.} 1-0